000 00630nam a2200205 a 4500
005 20210223131023.0
008 090618s2004 mx r 000 0 spa d
020 _a9684168640
035 _aUPN01000171255
049 _aI
050 4 _aGT2130
_bR4.3
100 1 _aReynolds, Helen
245 1 0 _aHistoria del zapato /
_cHelen Reynolds ; tr. María Andrea Giovine Yáñez.
260 _aMéxico :
_bCalandria,
_c2004.
300 _a32 p. :
_bil. col.
440 0 _a10+ Lecturas avanzadas para niños
534 _pTítulo original:
_tA fashionable history of the shoe
650 4 _aBOTAS Y ZAPATOS
_910984
905 _aInfantil
999 _c143360
_d143360